Reliable knowledge :an exploration of the grounds for belief in science / (Record no. 2329)

000 -LEADER
fixed length control field 01059cam a2200277 i 4500
001 - CONTROL NUMBER
control field 4627371
003 - CONTROL NUMBER IDENTIFIER
control field OSt
005 - DATE AND TIME OF LATEST TRANSACTION
control field 20160711130453.0
008 - FIXED-LENGTH DATA ELEMENTS--GENERAL INFORMATION
fixed length control field 780301s1978 enka b 001 0 eng
010 ## - LIBRARY OF CONGRESS CONTROL NUMBER
LC control number 78003792
020 ## - INTERNATIONAL STANDARD BOOK NUMBER
International Standard Book Number 0521220874
040 ## - CATALOGING SOURCE
Original cataloging agency DLC
Transcribing agency DLC
Modifying agency DLC
050 00 - LIBRARY OF CONGRESS CALL NUMBER
Classification number Q175.Z55 1978
082 00 - DEWEY DECIMAL CLASSIFICATION NUMBER
Classification number 501
100 1# - MAIN ENTRY--PERSONAL NAME
Personal name Ziman, J. M.
Fuller form of name (John M.),
Dates associated with a name 1925-2005.
245 10 - TITLE STATEMENT
Title Reliable knowledge :an exploration of the grounds for belief in science /
Statement of responsibility, etc John Ziman.
260 ## - PUBLICATION, DISTRIBUTION, ETC. (IMPRINT)
Place of publication, distribution, etc Cambridge [Eng.] ;
-- New York :
Name of publisher, distributor, etc Cambridge University Press,
Date of publication, distribution, etc 1978.
300 ## - PHYSICAL DESCRIPTION
Extent ix, 197 p. :
Other physical details ill. ;
Dimensions 24 cm.
504 ## - BIBLIOGRAPHY, ETC. NOTE
Bibliography, etc Includes bibliographical references and index.
650 #0 - SUBJECT ADDED ENTRY--TOPICAL TERM
Topical term or geographic name as entry element Science
General subdivision Philosophy.
856 41 - ELECTRONIC LOCATION AND ACCESS
Materials specified Sample text
Uniform Resource Identifier <a href="http://www.loc.gov/catdir/samples/cam034/78003792.html">http://www.loc.gov/catdir/samples/cam034/78003792.html</a>
856 42 - ELECTRONIC LOCATION AND ACCESS
Materials specified Publisher description
Uniform Resource Identifier <a href="http://www.loc.gov/catdir/enhancements/fy0803/78003792-d.html">http://www.loc.gov/catdir/enhancements/fy0803/78003792-d.html</a>
856 41 - ELECTRONIC LOCATION AND ACCESS
Materials specified Table of contents only
Uniform Resource Identifier <a href="http://www.loc.gov/catdir/enhancements/fy0803/78003792-t.html">http://www.loc.gov/catdir/enhancements/fy0803/78003792-t.html</a>
906 ## - LOCAL DATA ELEMENT F, LDF (RLIN)
a 7
b cbc
c orignew
d 1
e ocip
f 19
g y-gencatlg
942 ## - ADDED ENTRY ELEMENTS (KOHA)
Source of classification or shelving scheme
Koha item type Book
Holdings
Withdrawn status Lost status Source of classification or shelving scheme Damaged status Not for loan Home library Current library Shelving location Date acquired Total Checkouts Full call number Barcode Date last seen Copy number Price effective from Koha item type
          Riara University Library Riara University Library General stack 11/07/2016   Q175.Z55 1978 7283/16 11/07/2016 C.1 11/07/2016 Book

Riara University Library,
P.O. Box 49940-00100,
Nairobi, Kenya.